Report on progress in Chinese finances (Record no. 126546)

MARC details
000 -LEADER
campo de control de longitud fija 00546nam a2200169 4500
001 - NÚMERO DE CONTROL
campo de control 126546
003 - IDENTIFICADOR DE NÚMERO DE CONTROL
campo de control ES-MaACL
005 - FECHA Y HORA DE LA ÚLTIMA TRANSACCIÓN
campo de control 20230906192835.0
007 - CAMPO FIJO DE DESCRIPCIÓN FÍSICA--INFORMACIÓN GENERAL
campo de control de longitud fija t|
008 - DATOS DE LONGITUD FIJA--INFORMACIÓN GENERAL
campo de control de longitud fija 070214s1932 sz r ||||1| eng d
245 00 - MENCIÓN DEL TÍTULO
Título Report on progress in Chinese finances
Resto del título : Nanking, August 5 1932.
260 ## - PUBLICACIÓN, DISTRIBUCIÓN, ETC.
Lugar de publicación, distribución, etc. Geneve :
Nombre del editor, distribuidor, etc. Sonor,
Fecha de publicación, distribución, etc. 1932.
300 ## - DESCRIPCIÓN FÍSICA
Extensión 20 p. ;
Dimensiones 21 x 14 cm.
500 ## - NOTA GENERAL
Nota general Precede al tít.: Ministry of Finance of the Republic of China.
710 1# - ENTRADA AGREGADA--NOMBRE DE ENTIDAD CORPORATIVA
Nombre de entidad corporativa o nombre de jurisdicción como elemento de entrada China (República de China).
Unidad subordinada Ministry of Finance.
9 (RLIN) 2804
852 ## - LOCALIZACIÓN
Ubicación ES-MaACL
Número de control de estantería 1774-F-6
Holdings
Estatus retirado Estado de pérdida Estado de daño No para préstamo Colección Biblioteca de origen Biblioteca actual Ubicación en estantería Fecha de adquisición Fuente de adquisición Total de préstamos Signatura topográfica completa Código de barras Visto por última vez Precio de reemplazo Tipo de ítem Koha
        Colección de folletos Biblioteca del Ateneo de Madrid Biblioteca del Ateneo de Madrid Depósito folletos 17/01/2008     1774-F-6 1131804 23/02/2023 23/02/2023 Folleto